[Event "68th ch-RUS HL 2015"]
[Site "Kaliningrad RUS"]
[Date "2015.06.22"]
[Round "1.2"]
[White "Pridorozhni, Aleksei"]
[Black "Matlakov, Maxim"]
[Result "1-0"]
[WhiteTitle "GM"]
[BlackTitle "GM"]
[WhiteElo "2556"]
[BlackElo "2696"]
[WhiteFideId "4127870"]
[BlackFideId "4168003"]
[EventDate "2015.06.22"]

1. e4 c5 2. Nf3 e6 3. c3 Nf6 4. e5 Nd5 5. Bc4 d6 6. d4 cxd4 7. cxd4 Be7 8. O-O
O-O 9. Qe2 b6 10. Bxd5 exd5 11. Rd1 Na6 12. Nc3 Nc7 13. Bf4 Bb7 14. exd6 Bxd6
15. Bxd6 Qxd6 16. Re1 Rae8 17. Qd2 f6 18. Rxe8 Rxe8 19. Ne1 Bc6 20. Nc2 Ne6 21.
Re1 Kf7 22. a3 a5 23. Qd1 g6 24. Re3 h5 25. Qd2 Re7 26. Qe2 Nf4 27. Rxe7+ Qxe7
28. Qd2 Qd6 29. g3 Ne6 30. h4 Bd7 31. Qh6 Bc6 32. Qh7+ Ng7 33. Ne3 Qe6 34. Qh8
Ne8 35. Qh7+ Ng7 36. Qh6 Ne8 37. Kh2 b5 38. b4 axb4 39. axb4 Qd6 40. Ne2 Qe6 41.
g4 hxg4 42. h5 gxh5 43. Qxh5+ Ke7 44. Nf4 Qe4 45. Qxg4 Qh7+ 46. Kg3 Bd7 47.
Nfxd5+ Kd8 48. Qh4 Qg6+ 49. Kh2 Bc6 50. Nf4 Qb1 51. d5 Bd7 52. Kg2 Qe4+ 53. Kg3
Kc8 54. Ne6 Qe5+ 55. Qf4 Bxe6 56. Qxe5 fxe5 57. dxe6 Nc7 58. Kf3 Nxe6 59. Ke4
Nd4 60. Kd5 Kc7 61. Ng4 Nc2 62. Kc5 e4 63. Kxb5 Kd6 64. Kc4 Ne1 65. Nf6 Ke5 66.
Nd7+ Kd6 67. Nc5 Ke5 68. b5 Nc2 69. b6 Kd6 70. b7 Kc7 71. Kb5 1-0

[Event "68th ch-RUS HL 2015"]
[Site "Kaliningrad RUS"]
[Date "2015.06.22"]
[Round "1.3"]
[White "Fedoseev, Vladimir3"]
[Black "Predke, Alexandr"]
[Result "1-0"]
[WhiteTitle "GM"]
[WhiteElo "2674"]
[BlackElo "2543"]
[WhiteFideId "24130737"]
[BlackFideId "24107581"]
[EventDate "2015.06.22"]

1. e4 e5 2. Nf3 Nc6 3. Bb5 a6 4. Ba4 Nf6 5. O-O Be7 6. Re1 b5 7. Bb3 d6 8. c3
O-O 9. h3 Re8 10. d4 Bb7 11. Nbd2 Bf8 12. a3 h6 13. Bc2 d5 14. dxe5 Nd7 15. Nb3
dxe4 16. Bxe4 Ndxe5 17. Nxe5 Qxd1 18. Rxd1 Rxe5 19. Bf3 g5 20. Be3 Ree8 21. a4
Rad8 22. axb5 axb5 23. Rxd8 Nxd8 24. Bg4 Bd5 25. Nd4 b4 26. Nb5 bxc3 27. bxc3
Ne6 28. Bxe6 fxe6 29. Nxc7 Rc8 30. Nxd5 exd5 31. Bd4 Bg7 32. Ra5 Rd8 33. Ra7
Bxd4 34. cxd4 Rb8 35. Rd7 Rb1+ 36. Kh2 Rd1 37. Rxd5 Kg7 38. Rd7+ Kg6 39. Rd6+
Kg7 40. Kg3 Rd2 41. Kf3 1-0

[Event "68th ch-RUS HL 2015"]
[Site "Kaliningrad RUS"]
[Date "2015.06.22"]
[Round "1.4"]
[White "Rozum, Ivan"]
[Black "Inarkiev, Ernesto"]
[Result "1/2-1/2"]
[WhiteTitle "GM"]
[BlackTitle "GM"]
[WhiteElo "2539"]
[BlackElo "2668"]
[WhiteFideId "24104272"]
[BlackFideId "4162722"]
[EventDate "2015.06.22"]

1. d4 d5 2. c4 c6 3. Nf3 Nf6 4. e3 Bg4 5. Qb3 Qb6 6. Nc3 e6 7. Nh4 Bh5 8. h3 Be7
9. g4 Bg6 10. Nxg6 hxg6 11. Bg2 g5 12. Bd2 Nbd7 13. O-O-O a5 14. Qxb6 Nxb6 15.
c5 Nbd7 16. e4 dxe4 17. Bxg5 Nxg4 18. Bxe7 Nxf2 19. Bg5 f6 20. Be3 Nxd1 21. Nxd1
f5 22. Bf4 e5 23. dxe5 Nxc5 24. Bf1 Ne6 25. Bd2 b5 26. Ne3 Rf8 27. a4 f4 28. Ng4
Ke7 29. axb5 cxb5 30. Bxb5 Nd4 31. Ba4 e3 32. Nxe3 Rac8+ 33. Kb1 fxe3 34. Bxe3
Rc4 35. Bd1 Rf5 36. Rg1 Kf8 37. Bd2 Nf3 38. Bxf3 Rxf3 39. Bxa5 Rxh3 40. e6 Re3
41. Bc3 Rc7 42. e7+ Rcxe7 43. Bb4 Kf7 44. Bxe7 Rxe7 45. Kc2 Rc7+ 46. Kd3 Rb7 47.
Kc3 Rc7+ 48. Kd4 Rb7 49. Ke4 1/2-1/2

[Event "68th ch-RUS HL 2015"]
[Site "Kaliningrad RUS"]
[Date "2015.06.22"]
[Round "1.5"]
[White "Sjugirov, Sanan"]
[Black "Shariyazdanov, Andrey"]
[Result "1/2-1/2"]
[WhiteTitle "GM"]
[BlackTitle "GM"]
[WhiteElo "2662"]
[BlackElo "2535"]
[WhiteFideId "4189302"]
[BlackFideId "4122747"]
[EventDate "2015.06.22"]

1. e4 e6 2. d4 d5 3. Nd2 a6 4. Ngf3 c5 5. exd5 exd5 6. dxc5 Bxc5 7. Nb3 Bb6 8.
Bg5 Ne7 9. Qd2 Nbc6 10. Be2 O-O 11. O-O h6 12. Be3 Bxe3 13. Qxe3 Re8 14. Rad1
Bf5 15. Qd2 Be4 16. Nfd4 Nxd4 17. Nxd4 Nc6 18. Nxc6 bxc6 19. Rfe1 Qb6 20. c4 a5
21. Bf1 a4 22. Qc3 dxc4 23. Re3 Bd5 24. Rg3 g6 25. Bxc4 Rad8 26. Rf1 Re6 27. Rg4
h5 28. Rd4 Bxc4 29. Rxc4 Rb8 30. b3 axb3 31. axb3 Qxb3 32. Rxc6 Qxc3 33. Rxc3
Rb2 34. h4 Rf6 35. g3 Kg7 36. Kg2 Ra2 37. Rf3 Rxf3 38. Kxf3 Ra3+ 39. Kg2 Kf6 40.
Re1 Rb3 41. Rd1 Ke5 1/2-1/2

[Event "68th ch-RUS HL 2015"]
[Site "Kaliningrad RUS"]
[Date "2015.06.22"]
[Round "1.7"]
[White "Najer, Evgeniy"]
[Black "Chigaev, Maksim"]
[Result "1-0"]
[WhiteTitle "GM"]
[BlackTitle "IM"]
[WhiteElo "2661"]
[BlackElo "2525"]
[WhiteFideId "4118987"]
[BlackFideId "4108116"]
[EventDate "2015.06.22"]

1. e4 c6 2. d4 d5 3. e5 Bf5 4. Nf3 e6 5. Be2 c5 6. O-O Nc6 7. c3 a6 8. Be3 cxd4
9. Nxd4 Nge7 10. f4 Rc8 11. Nxf5 Nxf5 12. Bf2 Nb8 13. Bd3 g6 14. g4 Nh4 15. Kh1
Bc5 16. Bg3 h5 17. Bxh4 Qxh4 18. g5 Nc6 19. Rf3 Qg4 20. h3 Nxe5 21. fxe5 Qxg5
22. Qe1 h4 23. Nd2 Rh5 24. Nb3 Qxe5 25. Qd2 Be7 26. Raf1 Rg5 27. Rxf7 Rg3 28.
R7f3 Kd7 29. Qe2 Qxe2 30. Bxe2 Rxf3 31. Bxf3 Kd6 32. Bg4 Rc4 33. Kg2 b5 34. a3
e5 35. Nd2 Rc7 36. Rd1 a5 37. Be2 Kc6 38. Nb3 Ra7 39. Bf3 e4 40. Be2 b4 41. a4
bxc3 42. bxc3 Bf6 43. Bb5+ Kb6 44. Rxd5 Bxc3 45. Rd6+ Kb7 46. Nc5+ Kc7 47. Nxe4 1-0

[Event "68th ch-RUS HL 2015"]
[Site "Kaliningrad RUS"]
[Date "2015.06.22"]
[Round "1.8"]
[White "Prizant, Jaroslav"]
[Black "Artemiev, Vladislav"]
[Result "0-1"]
[WhiteTitle "IM"]
[BlackTitle "GM"]
[WhiteElo "2516"]
[BlackElo "2660"]
[WhiteFideId "4140664"]
[BlackFideId "24101605"]
[EventDate "2015.06.22"]

1. d4 d5 2. c4 c6 3. Nf3 Nf6 4. Qb3 dxc4 5. Qxc4 Bg4 6. Nc3 Nbd7 7. e4 Bxf3 8.
gxf3 e5 9. Be3 exd4 10. Bxd4 Bd6 11. O-O-O Qe7 12. Qe2 O-O 13. Qe3 Nh5 14. Ne2
b5 15. Rg1 c5 16. Bxg7 Nxg7 17. Qh6 Be5 18. f4 Bxb2+ 19. Kxb2 Qf6+ 20. Qxf6 Nxf6
21. e5 Ne4 22. Ng3 Nxg3 23. Rxg3 Kh8 24. Bxb5 Nh5 25. Rb3 Nxf4 26. Bc4 Ng6 27.
Rd5 Rad8 28. Rb7 Rxd5 29. Bxd5 Rd8 30. Bxf7 Nxe5 31. Rxa7 Rf8 32. Bd5 Rxf2+ 33.
Kc3 Rxh2 34. Rc7 Rh3+ 35. Kc2 Nd3 36. Be4 Nb4+ 37. Kb2 Rh4 38. Bxh7 Rxh7 39.
Rxh7+ Kxh7 40. Kc3 Kg6 41. Kc4 Na6 42. a4 Kf6 43. Kb5 Ke6 44. a5 Kd7 45. Kxa6 c4 0-1

[Event "68th ch-RUS HL 2015"]
[Site "Kaliningrad RUS"]
[Date "2015.06.22"]
[Round "1.9"]
[White "Riazantsev, Alexander"]
[Black "Matsenko, Sergei"]
[Result "1/2-1/2"]
[WhiteTitle "GM"]
[BlackTitle "IM"]
[WhiteElo "2658"]
[BlackElo "2505"]
[WhiteFideId "4125029"]
[BlackFideId "4170083"]
[EventDate "2015.06.22"]

1. d4 Nf6 2. c4 e6 3. Nf3 Bb4+ 4. Bd2 Qe7 5. g3 Bxd2+ 6. Qxd2 Nc6 7. b3 O-O 8.
Bg2 d5 9. O-O Rd8 10. Rc1 a5 11. e3 a4 12. Nc3 axb3 13. axb3 Rxa1 14. Rxa1 b6
15. Ne5 Bb7 16. Nxc6 Bxc6 17. Qb2 Qd6 18. Qa3 Qxa3 19. Rxa3 Ra8 20. Rxa8+ Bxa8
21. b4 Kf8 22. c5 Ke7 23. Kf1 Bb7 24. Ke1 bxc5 25. bxc5 Ba6 26. Na2 Bb5 27. Nb4
Kd7 28. Bf3 Ng8 29. Bh5 Nf6 30. Bd1 h6 31. f3 Ng8 32. e4 Nf6 33. Bc2 dxe4 34.
Bxe4 Ng8 35. Kd2 Ne7 36. Ke3 Bc4 37. h4 g5 38. hxg5 hxg5 39. Kd2 Bd5 40. Ke3 Bc4
41. Kd2 Bd5 42. Ke3 Bc4 43. Kd2 1/2-1/2

[Event "68th ch-RUS HL 2015"]
[Site "Kaliningrad RUS"]
[Date "2015.06.22"]
[Round "1.10"]
[White "Gordievsky, Dmitry"]
[Black "Grachev, Boris"]
[Result "1/2-1/2"]
[WhiteTitle "FM"]
[BlackTitle "GM"]
[WhiteElo "2491"]
[BlackElo "2657"]
[WhiteFideId "24112798"]
[BlackFideId "4129199"]
[EventDate "2015.06.22"]

1. d4 d5 2. c4 e6 3. Nf3 Nf6 4. Nc3 Nbd7 5. Bf4 dxc4 6. e3 a6 7. a4 Nb6 8. a5
Nbd5 9. Bxc4 Bb4 10. O-O O-O 11. Qb3 Bxc3 12. bxc3 Nxf4 13. exf4 b5 14. Be2 Qd6
15. g3 Bb7 16. c4 bxc4 17. Qxc4 Bd5 18. Qc3 Ne4 19. Qe3 Rfb8 20. Rfb1 Rb4 21.
Bd3 f5 22. Ne5 Rab8 23. Qe1 R4b7 24. Rxb7 Rxb7 25. Rb1 h6 26. Rxb7 Bxb7 27. Bxe4
fxe4 28. Qc3 e3 29. f3 Qd5 30. Qxc7 Qa2 31. Qf7+ Kh8 32. Qe8+ Kh7 33. Qg6+ Kh8
34. Nf7+ Kg8 35. Nxh6+ Kh8 36. Nf7+ Kg8 37. Nh6+ Kh8 38. Nf7+ Kg8 39. Nh6+ 1/2-1/2

[Event "68th ch-RUS HL 2015"]
[Site "Kaliningrad RUS"]
[Date "2015.06.22"]
[Round "1.11"]
[White "Khairullin, Ildar"]
[Black "Girya, Olga"]
[Result "1-0"]
[WhiteTitle "GM"]
[BlackTitle "WGM"]
[WhiteElo "2653"]
[BlackElo "2486"]
[WhiteFideId "4151348"]
[BlackFideId "4195752"]
[EventDate "2015.06.22"]

1. d4 d5 2. c4 c6 3. Nf3 Nf6 4. e3 Bg4 5. h3 Bh5 6. g4 Bg6 7. Ne5 e6 8. Nxg6
hxg6 9. Bg2 Nbd7 10. Qd3 Bb4+ 11. Nd2 g5 12. a3 Be7 13. b4 Kf8 14. O-O Kg8 15.
f4 gxf4 16. exf4 Nf8 17. f5 exf5 18. Rxf5 Ne6 19. Nf3 g6 20. Re5 dxc4 21. Qxc4
Nd5 22. b5 Rc8 23. bxc6 bxc6 24. Rb1 Kg7 25. Re1 Bf6 26. Rb7 Rc7 27. Rxc7 Qxc7
28. Ne5 Qa5 29. Rf1 Bxe5 30. dxe5 Qb6+ 31. Rf2 Rd8 32. Qe4 Qc5 33. Qc2 Qb6 34.
Qe4 Rd7 35. Bd2 Qc5 36. h4 Nc3 37. Qe3 Qxe3 38. Bxe3 c5 39. Rd2 Rxd2 40. Bxd2
Nb5 1-0

[Event "68th ch-RUS HL 2015"]
[Site "Kaliningrad RUS"]
[Date "2015.06.22"]
[Round "1.12"]
[White "Paravyan, David"]
[Black "Alekseev, Evgeny"]
[Result "1/2-1/2"]
[WhiteTitle "IM"]
[BlackTitle "GM"]
[WhiteElo "2478"]
[BlackElo "2651"]
[WhiteFideId "4194985"]
[BlackFideId "4138147"]
[EventDate "2015.06.22"]

1. e4 c6 2. d4 d5 3. e5 Bf5 4. Nf3 e6 5. Be2 Nd7 6. O-O Bg6 7. Nbd2 Nh6 8. Nb3
Nf5 9. Bd2 Be7 10. g4 Nh6 11. h3 O-O 12. Be3 Rc8 13. c3 c5 14. Nxc5 Nxc5 15.
dxc5 Bxc5 16. Bxc5 Rxc5 17. Nd4 Qh4 18. Kh2 Rcc8 19. f4 Be4 20. Bf3 Rce8 21.
Bxe4 dxe4 22. Qe2 f6 23. Kg2 fxe5 24. fxe5 Nf7 25. Qxe4 Qxh3+ 26. Kxh3 Ng5+ 27.
Kg2 Nxe4 28. Rxf8+ Kxf8 29. Re1 Nc5 30. Re3 Ke7 31. g5 Nd7 32. Nf3 Rc8 33. Re4
Rc5 34. Kf2 Ra5 35. a3 Rc5 36. Ke2 a6 37. Kf2 b5 38. Ke2 Kf7 39. Kd3 Nb6 40. Kc2
Nd7 41. b4 Rc8 42. Rd4 Ke7 43. Kd3 Nb6 44. Rd6 Rd8 45. Rxd8 Kxd8 46. Kd4 Kc7 47.
Ne1 h6 1/2-1/2

[Event "68th ch-RUS HL 2015"]
[Site "Kaliningrad RUS"]
[Date "2015.06.22"]
[Round "1.13"]
[White "Zvjaginsev, Vadim"]
[Black "Chekhov, Sergei"]
[Result "1-0"]
[WhiteTitle "GM"]
[BlackTitle "IM"]
[WhiteElo "2648"]
[BlackElo "2476"]
[WhiteFideId "4113403"]
[BlackFideId "4195639"]
[EventDate "2015.06.22"]

1. e4 d6 2. d4 Nf6 3. Nc3 e5 4. Nf3 Nbd7 5. a4 Be7 6. g3 a5 7. Bg2 O-O 8. O-O
Re8 9. b3 c6 10. Ba3 Bf8 11. Re1 Qb6 12. Qd2 exd4 13. Qxd4 Qxd4 14. Nxd4 Nc5 15.
h3 Bd7 16. Re2 Rad8 17. Rae1 Bc8 18. Nf3 Na6 19. Bc1 h6 20. Be3 Nc5 21. Nd2 Be6
22. Bd4 Nfd7 23. Nd5 Rc8 24. Nf4 b6 25. Nxe6 fxe6 26. Nc4 Rb8 27. h4 Na6 28. Bb2
Ndc5 29. Rd1 d5 30. Ne5 Rbc8 31. Ng6 Nb4 32. Ba3 Na2 33. Bb2 Nb4 34. Ba3 Na2 35.
Re3 Nb4 36. Nxf8 Rxf8 37. Bxb4 axb4 38. Rd4 Nxe4 39. Rxb4 Nxf2 40. Rxe6 b5 41.
Rxc6 Rce8 42. Rf4 1-0

[Event "68th ch-RUS HL 2015"]
[Site "Kaliningrad RUS"]
[Date "2015.06.22"]
[Round "1.14"]
[White "Bocharov, Ivan"]
[Black "Bukavshin, Ivan"]
[Result "0-1"]
[WhiteTitle "FM"]
[BlackTitle "GM"]
[WhiteElo "2472"]
[BlackElo "2647"]
[WhiteFideId "4180887"]
[BlackFideId "4199758"]
[EventDate "2015.06.22"]

1. f4 d5 2. Nf3 Nf6 3. g3 e6 4. Bg2 Be7 5. O-O O-O 6. d3 b5 7. b3 Bb7 8. e3 c5
9. Bb2 Nc6 10. Nbd2 d4 11. Re1 Nd5 12. Nf1 Qb6 13. Kh1 Rfd8 14. Qe2 Rac8 15. e4
Nf6 16. N3d2 Na5 17. Rab1 Qc7 18. Nf3 Nc6 19. Red1 Ba6 20. h3 Nd7 21. Qf2 Nb6
22. h4 Bb7 23. h5 h6 24. N1h2 Nd7 25. e5 Nb4 26. a3 Nd5 27. Ng4 f5 28. exf6
N7xf6 29. Nfh2 Bd6 30. Re1 Re8 31. Re2 Qf7 32. Kg1 Nxh5 33. Ne5 Bxe5 34. Rxe5
Nhxf4 35. gxf4 Nxf4 36. Qg3 Nxg2 37. Rf1 Qe7 38. Ng4 Kh7 39. b4 Rf8 40. Rxf8
Rxf8 41. bxc5 Rf3 42. Qh2 Nf4 43. Nf2 Qf6 44. Bxd4 Nh3+ 45. Qxh3 Rxh3 46. Nxh3
Qf3 47. Rg5 Qh1+ 0-1

[Event "68th ch-RUS HL 2015"]
[Site "Kaliningrad RUS"]
[Date "2015.06.22"]
[Round "1.15"]
[White "Popov, Ivan RUS"]
[Black "Solozhenkin, Evgeniy"]
[Result "1-0"]
[WhiteTitle "GM"]
[BlackTitle "GM"]
[WhiteElo "2647"]
[BlackElo "2464"]
[WhiteFideId "4170350"]
[BlackFideId "4102266"]
[EventDate "2015.06.22"]

1. e4 c5 2. Nf3 e6 3. d4 cxd4 4. Nxd4 a6 5. c4 Nf6 6. Nc3 Qc7 7. Be2 b6 8. O-O
Bb7 9. Qd3 d6 10. f4 Nbd7 11. b4 d5 12. exd5 Bxb4 13. dxe6 Nc5 14. exf7+ Kxf7
15. Qc2 Bxc3 16. Qxc3 Rhe8 17. Bf3 Rad8 18. Bxb7 Qxb7 19. Bb2 Na4 20. Qb3 Nxb2
21. Qxb2 Qc7 22. Nf3 Qxf4 23. Qxb6 Kg8 24. Rac1 Ne4 25. Rce1 Rc8 26. Qxa6 Qc7
27. Re3 Qc5 28. Qa3 Qxa3 29. Rxa3 Rxc4 30. Re1 Rec8 31. h3 h6 32. Kh2 Kh7 33.
Ra7 R8c5 34. Re3 Rf5 35. a4 Ng5 36. Ne1 Ne4 37. Nf3 Ng5 38. Nxg5+ Rxg5 39. Re2
Rgc5 40. Ra2 Rc2 41. Rxc2 Rxc2 42. Rb7 Ra2 43. Rb4 g5 44. Kg3 Kg6 45. Rb6+ Kh5
46. Kh2 g4 47. hxg4+ Kxg4 48. Rb4+ Kg5 49. Kh3 Ra1 50. Rb5+ Kg6 51. a5 Ra3+ 52.
Kh4 Ra4+ 53. g4 Ra1 54. Rb6+ Kg7 55. a6 Rh1+ 56. Kg3 Ra1 57. Kf4 Ra5 58. Rc6 Rg5
59. Rd6 Kh7 60. Ke4 Rxg4+ 61. Kd5 Ra4 62. Kc5 h5 63. Kb5 Ra3 64. Rd7+ Kg6 65. a7
Kf5 66. Kb6 Rb3+ 67. Ka5 h4 68. Rd4 1-0

[Event "68th ch-RUS HL 2015"]
[Site "Kaliningrad RUS"]
[Date "2015.06.22"]
[Round "1.16"]
[White "Triapishko, Olexandr"]
[Black "Motylev, Alexander"]
[Result "0-1"]
[BlackTitle "GM"]
[WhiteElo "2461"]
[BlackElo "2643"]
[WhiteFideId "14122286"]
[BlackFideId "4121830"]
[EventDate "2015.06.22"]

1. e4 c6 2. d4 d5 3. e5 Bf5 4. h4 Qc7 5. Nc3 h6 6. g4 Bd7 7. Be3 e6 8. Nf3 c5 9.
Nb5 Bxb5 10. Bxb5+ Nc6 11. c3 a6 12. Bxc6+ Qxc6 13. h5 Rc8 14. O-O Qd7 15. Qd2
cxd4 16. Nxd4 Bc5 17. f4 Ne7 18. Rf3 f5 19. exf6 gxf6 20. Kh2 Bd6 21. Re1 Rg8
22. Bf2 e5 23. Nf5 Nxf5 24. fxe5 Bxe5+ 25. Rxe5+ fxe5 26. Rxf5 Qe6 27. Bg3 Rg5
28. Rxg5 hxg5 29. Qxg5 Kf7 30. Bxe5 Rg8 31. Qf4+ Ke8 32. g5 Rf8 33. Bf6 Kd7 34.
Kg3 Qe1+ 35. Kg4 Re8 36. Qf5+ Kc6 37. Be7 Rxe7 38. Qf6+ Re6 39. Qf3 Re3 40. Qf6+
Re6 41. Qf3 Re4+ 42. Kf5 Re8 43. Qg2 Qe6+ 44. Kf4 Qe3+ 45. Kg4 Re4+ 0-1

[Event "68th ch-RUS HL 2015"]
[Site "Kaliningrad RUS"]
[Date "2015.06.23"]
[Round "2.1"]
[White "Kobalia, Mikhail"]
[Black "Fedoseev, Vladimir3"]
[Result "1-0"]
[WhiteTitle "GM"]
[BlackTitle "GM"]
[WhiteElo "2623"]
[BlackElo "2674"]
[WhiteFideId "4119150"]
[BlackFideId "24130737"]
[EventDate "2015.06.22"]

1. e4 c5 2. Nf3 d6 3. d4 cxd4 4. Nxd4 Nf6 5. Nc3 a6 6. Be3 e5 7. Nb3 Be6 8. Qd2
Be7 9. f4 Ng4 10. f5 Bxb3 11. axb3 Nxe3 12. Qxe3 Nc6 13. Nd5 h5 14. c3 Kf8 15.
Qb6 Qb8 16. Be2 Bh4+ 17. g3 Bd8 18. Qf2 b5 19. f6 Qb7 20. fxg7+ Kxg7 21. O-O Ra7
22. Kh1 Kf8 23. h4 Rh6 24. Qf5 f6 25. Bxh5 Qg7 26. Rf3 Ne7 27. Qe6 f5 28. Rxf5+
Nxf5 29. Qe8# 1-0

[Event "68th ch-RUS HL 2015"]
[Site "Kaliningrad RUS"]
[Date "2015.06.23"]
[Round "2.2"]
[White "Rakhmanov, Aleksandr"]
[Black "Najer, Evgeniy"]
[Result "1-0"]
[WhiteTitle "GM"]
[BlackTitle "GM"]
[WhiteElo "2623"]
[BlackElo "2661"]
[WhiteFideId "4173708"]
[BlackFideId "4118987"]
[EventDate "2015.06.22"]

1. d4 d5 2. c4 c6 3. cxd5 cxd5 4. Nf3 Nc6 5. Nc3 Nf6 6. Bf4 Nh5 7. Be5 e6 8. e3
f6 9. Bg3 g6 10. Bd3 Bd7 11. e4 Bb4 12. O-O Nxg3 13. hxg3 Ne7 14. exd5 exd5 15.
Qb3 Bxc3 16. bxc3 Bc6 17. Rfe1 Kf7 18. g4 g5 19. Re3 Qd7 20. Rae1 Rae8 21. Qa3
Nc8 22. Bf5 Qd6 23. Qc1 Rxe3 24. Rxe3 Qd8 25. Be6+ Kg7 26. Bxc8 Qxc8 27. Re7+
Kh6 28. Nxg5 fxg5 29. Qe3 Qxg4 30. f3 Qf5 31. g4 Qb1+ 32. Kg2 Rf8 33. Qe6+ Qg6
34. Qe5 Qc2+ 35. Kg3 Rxf3+ 36. Kxf3 Qxc3+ 37. Qe3 Qxe3+ 38. Kxe3 Kg6 39. Re6+
Kf7 40. Rd6 Kg7 41. a3 Kf7 42. Kd2 Kg7 43. Kc3 a5 44. Kd2 Kf7 45. Ke3 Kg7 46.
Kf2 Kf7 47. Kg3 Kg7 48. Rd8 Kf7 49. Ra8 a4 50. Rh8 Kg7 51. Rd8 Kf7 52. Rd6 Kg7
53. Kf2 Kf7 54. Ke3 Kg7 55. Kd2 h6 56. Kc3 Bb5 57. Rxd5 Be2 58. Rd7+ Kf6 59. Rh7
Kg6 60. Rxb7 Bxg4 61. d5 Kf6 62. Kd4 h5 63. Rh7 Kg6 64. Re7 h4 65. Ke3 Kf6 66.
d6 Bf5 67. Kf3 g4+ 68. Kf4 g3 69. Kf3 Bg6 70. Kg4 g2 71. Re1 Be8 72. Kxh4 Bb5
73. Kg3 1-0

[Event "68th ch-RUS HL 2015"]
[Site "Kaliningrad RUS"]
[Date "2015.06.23"]
[Round "2.4"]
[White "Ponkratov, Pavel"]
[Black "Khairullin, Ildar"]
[Result "1/2-1/2"]
[WhiteTitle "GM"]
[BlackTitle "GM"]
[WhiteElo "2610"]
[BlackElo "2653"]
[WhiteFideId "4157800"]
[BlackFideId "4151348"]
[EventDate "2015.06.22"]

1. e4 e5 2. Bc4 Nf6 3. d3 c6 4. Nf3 d5 5. Bb3 Bb4+ 6. c3 Bd6 7. O-O O-O 8. Bg5
dxe4 9. dxe4 Na6 10. Nbd2 Bc7 11. Bh4 Nc5 12. Nc4 Nxb3 13. axb3 Qxd1 14. Raxd1
Be6 15. Ng5 Bc8 16. Nf3 Be6 17. Ng5 Bc8 18. Nf3 1/2-1/2

[Event "68th ch-RUS HL 2015"]
[Site "Kaliningrad RUS"]
[Date "2015.06.23"]
[Round "2.5"]
[White "Bocharov, Dmitry"]
[Black "Zvjaginsev, Vadim"]
[Result "1-0"]
[WhiteTitle "GM"]
[BlackTitle "GM"]
[WhiteElo "2580"]
[BlackElo "2648"]
[WhiteFideId "4138716"]
[BlackFideId "4113403"]
[EventDate "2015.06.22"]

1. c4 e5 2. Nc3 d6 3. g3 Be7 4. Bg2 f5 5. d4 Nf6 6. Nf3 e4 7. Ng5 c6 8. d5 Nxd5
9. Ngxe4 Nb6 10. Nd2 Be6 11. b3 d5 12. cxd5 Nxd5 13. Bb2 Bf6 14. Qc2 Nxc3 15.
Bxc3 O-O 16. O-O Nd7 17. Rad1 Qe7 18. Nf3 Bd5 19. Nd4 Bxg2 20. Kxg2 g6 21. b4
Nb6 22. b5 c5 23. Nf3 f4 24. a4 fxg3 25. Bxf6 Rxf6 26. hxg3 Re8 27. a5 Nd7 28.
Rd5 b6 29. Rfd1 Nf8 30. axb6 axb6 31. Ne5 Re6 32. Qc4 Kh8 33. Qc3 Qg7 34. f4 g5
35. Nf7+ Kg8 36. Rxg5 Rg6 37. Qxg7+ Kxg7 38. Rxg6+ Nxg6 39. Ng5 Rxe2+ 40. Kf3
Re7 41. Rd6 Rb7 42. f5 Ne5+ 43. Kf4 Nf7 44. Nxf7 Kxf7 45. g4 Ke8 46. g5 Ke7 47.
Rh6 Kf8 48. Rc6 Kf7 49. Kg4 Rd7 50. Rxb6 Rd4+ 51. Kh5 Rb4 52. Rb7+ Kg8 53. f6
Rb1 54. Rg7+ Kf8 55. Rxh7 1-0

[Event "68th ch-RUS HL 2015"]
[Site "Kaliningrad RUS"]
[Date "2015.06.23"]
[Round "2.6"]
[White "Bukavshin, Ivan"]
[Black "Shimanov, Aleksandr"]
[Result "1/2-1/2"]
[WhiteTitle "GM"]
[BlackTitle "GM"]
[WhiteElo "2647"]
[BlackElo "2606"]
[WhiteFideId "4199758"]
[BlackFideId "4198603"]
[EventDate "2015.06.22"]

1. d4 Nf6 2. c4 g6 3. Nc3 Bg7 4. e4 d6 5. Be2 O-O 6. Nf3 Na6 7. O-O e5 8. Be3 c6
9. d5 Ng4 10. Bg5 f6 11. Bh4 c5 12. Ne1 h5 13. h3 Nh6 14. Nd3 Bd7 15. a3 Nf7 16.
b4 Bh6 17. Kh1 Kg7 18. bxc5 Nxc5 19. Nxc5 dxc5 20. Qd3 Qc8 21. Bg3 Bf4 22. h4
Qe8 23. Bh2 Bxh2 24. Kxh2 Nd6 25. Qg3 Rh8 26. a4 Qe7 27. Bd3 Rac8 28. Nb5 Bxb5
29. axb5 b6 30. Qe3 Rc7 31. g3 Re8 32. Rfe1 Qf7 33. Ra2 Rce7 34. f3 f5 35. Qg5
fxe4 36. fxe4 Qf6 37. Rea1 Qxg5 38. hxg5 Ra8 39. Ra6 Rb7 40. Kh3 Nf7 41. Kh4 Nd6
42. g4 hxg4 43. Kxg4 Nf7 44. R1a2 Nd6 45. Ra1 Nf7 46. R1a2 1/2-1/2

[Event "68th ch-RUS HL 2015"]
[Site "Kaliningrad RUS"]
[Date "2015.06.23"]
[Round "2.7"]
[White "Shemeakin, Alexander"]
[Black "Popov, Ivan RUS"]
[Result "0-1"]
[WhiteTitle "IM"]
[BlackTitle "GM"]
[WhiteElo "2264"]
[BlackElo "2647"]
[WhiteFideId "14101840"]
[BlackFideId "4170350"]
[EventDate "2015.06.22"]

1. d4 Nf6 2. c4 g6 3. Nc3 d5 4. cxd5 Nxd5 5. e4 Nxc3 6. bxc3 Bg7 7. Bc4 O-O 8.
Ne2 Nc6 9. O-O b6 10. Be3 Bb7 11. Qd2 Qd6 12. Rad1 Na5 13. Bd3 c5 14. Bf4 Qd7
15. Bh6 cxd4 16. Bxg7 Kxg7 17. cxd4 Rac8 18. Rc1 e6 19. h4 Nc6 20. Qb2 Kg8 21.
Rfd1 Rfd8 22. Bb1 Qe7 23. h5 Qg5 24. hxg6 hxg6 25. Rc3 Qf6 26. Rd2 Na5 27. Rdc2
Rxc3 28. Rxc3 Nc6 29. Rc4 Ne5 30. Rc1 Nc6 31. Rd1 Ba6 32. e5 Nxe5 33. Qa3 0-1

[Event "68th ch-RUS HL 2015"]
[Site "Kaliningrad RUS"]
[Date "2015.06.23"]
[Round "2.8"]
[White "Motylev, Alexander"]
[Black "Demchenko, Anton"]
[Result "1/2-1/2"]
[WhiteTitle "GM"]
[BlackTitle "GM"]
[WhiteElo "2643"]
[BlackElo "2589"]
[WhiteFideId "4121830"]
[BlackFideId "4160258"]
[EventDate "2015.06.22"]

1. e4 e5 2. Nf3 Nc6 3. Bb5 g6 4. d4 exd4 5. Bg5 Be7 6. Bxe7 Qxe7 7. Bxc6 dxc6 8.
Qxd4 Nf6 9. Nc3 Bg4 10. O-O-O Bxf3 11. gxf3 O-O 12. Qe3 a5 13. Ne2 Rad8 14. Qg5
a4 15. a3 Rxd1+ 16. Rxd1 Re8 17. Ng3 Nd7 18. f4 Qxg5 19. fxg5 Nc5 20. f3 Kf8 21.
h4 Ke7 22. Kd2 Rd8+ 23. Ke2 Rd6 24. Rc1 Ne6 25. Ke3 c5 26. Ne2 b5 27. Nc3 c6 28.
Rh1 Rd4 29. Nb1 Rd8 30. Nd2 Nd4 31. Rc1 Ne6 32. Rh1 Nd4 33. Rc1 Ne6 34. Rh1 1/2-1/2